01439 a2200205 45000010006000000050017000060080041000230030015000640400040000790800022001192450050001410200018001912640056002093000019002655050695002841000043009797000038010227000032010608560141010922232820260407155513.0260407a1994 arg spa dAR-UNSa-BCEJYS aAR-UNSa-BCEJYSbspacAR-UNSa-BCEJYS a657xContabilidad10aLa contabilidad de las empresas constructoras a84-476-0084-X 1aMadrid :bMinisterio de Economía y Haciendac1994 a567 p.c24 cm. a1. La empresa constructora - 2. Constitución de la sociedad constructora - 3. Modificaciones del capital social - 4. Otros fondos propios, provisiones para riesgos y gastos e ingresos a distribuir en varios ejercicios - 5. Fondos ajenos a largo plazo - 6. Inmovilizado inmaterial - 7. Inmovilizado material y gastos amortizables - 8. Inversiones financieras - 9. Existencias - 10. Proveedores y otros acreedores de trafico - 11. Métodos de contabilización de las ventas(I) - 12. Métods de contabilización de las ventas(II) - 13. Otras operaciones de trafico y cuentas financieras - 14. Los impuestos en las empresas constructoras - 15. Cuentas de gestión - 16. Cuentas anuales.1 aJiménez Montañés, María Angela1 aQuesada Sanchez, Francisco Javier1 aSantos Peñalver, Jesus F.41uhttps://biblioeco.unsa.edu.ar/pmb/images/libros/La Contabilidad de las Empresas Constructoras-l119501.jpgyImagen de portadaqimage/jpeg